Statistiken für Super Mario 64 Level

Klicken Sie hier um das Quiz zu spielen!

Allgemein

  • Dieses Quiz wurde 123 mal gespielt
  • Das Durchschnittsergebnis liegt bei 8 aus 15

Antwortstatistiken

WeltName% Korrekt
1Bob-Ombs Bombenberg
83%
14Tick Tack Trauma
80%
15Regenbogen Raserei
76%
2Wummps Wuchtwall
70%
4Bibberberg Bob
67%
6Grüne Giftgrotte
64%
13Gulliver Gumba
57%
3Piratenbucht-Panik
54%
12Fliegenpilz Fiasko
52%
8Wobiwaba Wüste
52%
11Atlantis Aquaria
47%
7Lava Lagune
39%
9Wilde Wasserwerft
34%
10Frostbeulen Frust
33%
5Big Boos Burg
26%

Verteilung der Resultate

Perzentil nach korrekt beantworteten Fragen

Anzahl Personen mit jedem Resultat

Ihre Resultats-Entwicklung

Sie haben dieses Quiz noch nicht gespielt